[Event "2016 Standard Chess Dropout Tournament, Round 3"]
[Site "SchemingMind.com"]
[Date "2016.08.09"]
[Round "3"]
[White "Mike Winslow"]
[Black "GBEDARD"]
[Result "0-1"]
[WhiteCountry "USA"]
[BlackCountry "USA"]
[WhiteElo "1982"]
[WhiteRD "87"]
[BlackElo "2099"]
[BlackRD "85"]
[GameID "402194"]

1. d4 Nf6 2. c4 e6 3. g3 c5 4. d5 exd5 5. cxd5 d6 6. Nc3 g6 7. Bg2 Bg7 8. e4 O-O 9. Nge2 Re8 10. a4 Nbd7
11. O-O Nb6 12. Qc2 Nc4 13. b3 Na5 14. Rb1 a6 15. b4 cxb4 16. Rxb4 Ng4 17. Nd1 Bd7 18. Ne3 Rc8 19. Qb1 Ne5 20. Bb2 b5
21. f4 Nec4 22. Nxc4 Nxc4 23. Bxg7 Kxg7 24. axb5 Qb6+ 25. Kh1 axb5 26. Qa1+ f6 27. Qd4 Qc5 28. Qc3 Bg4 29. Rfb1 Qf2 30. Qe1 Qxe2
31. Rxb5 Nd2 32. Qxe2 Bxe2 33. Rb7+ Kh6 34. Ra1 Nxe4 35. Rd7 Rc2
0-1

[Event "2016 Standard Chess Dropout Tournament, Round 3"]
[Site "SchemingMind.com"]
[Date "2016.08.07"]
[Round "3"]
[White "Brian Pott"]
[Black "Reun29"]
[Result "1-0"]
[WhiteCountry "AUS"]
[BlackCountry "SUI"]
[WhiteElo "2269"]
[WhiteRD "85"]
[BlackElo "1975"]
[BlackRD "91"]
[GameID "402195"]

1. e4 e5 2. Nf3 Nc6 3. Bb5 a6 4. Ba4 Nf6 5. O-O Be7 6. Re1 b5 7. Bb3 d6 8. c3 O-O 9. h3 Nb8 10. d4 Nbd7
11. Nbd2 Bb7 12. Bc2 Re8 13. Nf1 Bf8 14. Ng3 g6 15. b3 Bg7 16. d5 Rc8 17. Be3 c6 18. c4 Nb6 19. Qe2 cxd5 20. cxd5 Nfd7
21. Rac1 Nc5 22. Bg5 Bf6 23. Bd2 Bg7 24. Nf1 Qe7 25. Ba5 Ncd7 26. Qd2 Qf8 27. Ne3 Bh6 28. Bb1 Na8 29. a4 bxa4 30. bxa4 Rxc1
31. Qxc1 Rc8 32. Qa3 Qe7 33. Bb4 Nc5 34. Rc1 Bxe3 35. fxe3 Nb6 36. Bxc5 Rxc5 37. Rxc5 dxc5 38. Qb3 Qc7 39. a5 Nd7 40. Ba2 c4
41. Qc3 Nf6 42. Nd2 Bc8 43. Bxc4 Nh5 44. Qb4 Ng7 45. d6 Qd8 46. Qb6 Qh4 47. Nf3 Qf6 48. d7
1-0

[Event "2016 Standard Chess Dropout Tournament, Round 3"]
[Site "SchemingMind.com"]
[Date "2016.08.09"]
[Round "3"]
[White "Buckaroo Bob"]
[Black "chesshub"]
[Result "0-1"]
[WhiteCountry "USA"]
[BlackCountry "FRA"]
[WhiteElo "2321"]
[WhiteRD "102"]
[BlackElo "2553"]
[BlackRD "76"]
[GameID "402198"]

1. d4 Nf6 2. c4 e6 3. Nf3 b6 4. Nc3 Bb7 5. a3 g6 6. Bg5 Bg7 7. Qc2 h6 8. Bd2 c5 9. dxc5 bxc5 10. Rd1 O-O
11. Bf4 Qa5 12. Nd2 Qb6 13. Nb3 Na6 14. f3 Bc6 15. e4 Rfd8 16. Rd2 d5 17. cxd5 exd5 18. Bxa6 Qxa6 19. Nxc5 Qc4 20. Nb3 dxe4
21. Na5 Qe6 22. O-O Be8 23. Nb3 Qb6+ 24. Kh1 Nh5
0-1

[Event "2016 Standard Chess Dropout Tournament, Round 3"]
[Site "SchemingMind.com"]
[Date "2016.08.08"]
[Round "3"]
[White "clare1347"]
[Black "Abstract Actuary"]
[Result "0-1"]
[WhiteCountry "ENG"]
[BlackCountry "USA"]
[WhiteElo "2242"]
[WhiteRD "90"]
[BlackElo "1951"]
[BlackRD "84"]
[GameID "402200"]

1. e4 d6 2. Nf3 Nf6 3. Nc3 g6 4. d4 Bg7 5. Be2 O-O 6. O-O c6 7. a4 Nbd7 8. e5 Ne8 9. Bc4 dxe5 10. dxe5 Nc7
11. Qe2 Nb6 12. Rd1 Qe8 13. Bb3 Bg4 14. Be3 Ne6 15. h3 Bxf3 16. Qxf3 Qc8 17. Qg3 Nc7 18. Rac1 Qf5 19. f4 Rfd8 20. Qf3 g5
21. g4 Qg6 22. f5 Qh6 23. Ne4 Bxe5 24. Nxg5 Nbd5 25. Nxf7 Qxe3+ 26. Qxe3 Nxe3 27. Rxd8+ Rxd8 28. Kf2 Nd1+
0-1

[Event "2016 Standard Chess Dropout Tournament, Round 3"]
[Site "SchemingMind.com"]
[Date "2016.08.07"]
[Round "3"]
[White "Andrea Carra"]
[Black "D O Vaughan"]
[Result "0-1"]
[WhiteCountry "ITA"]
[BlackCountry "WLS"]
[WhiteElo "1867"]
[WhiteRD "101"]
[BlackElo "2158"]
[BlackRD "125"]
[GameID "402201"]

1. e4 e5 2. Nf3 Nc6 3. Bc4 Bc5 4. c3 Nf6 5. d3 a6 6. Bb3 d6 7. O-O O-O 8. Nbd2 Ba7 9. h3 h6 10. Re1 Nh5
11. Nf1 Qf6 12. Be3 Be6 13. d4 Bxb3 14. Qxb3 exd4 15. cxd4 Nxd4 16. Bxd4 Bxd4 17. Nxd4 Qxd4 18. Rad1 Qa7 19. e5 dxe5 20. Rxe5 Nf6
21. Ne3 Rae8 22. Rf5 Re6 23. Nd5 Nxd5 24. Rfxd5 Qb6 25. Qxb6 Rxb6 26. b3 Re8 27. Rd7 Rc6 28. Kf1 Kf8 29. R7d2 Ree6 30. g3 Red6
31. Ke1 Rxd2 32. Rxd2 Ke7 33. Kd1 Rd6 34. Kc2 Rxd2+ 35. Kxd2 Kd6 36. Kd3 Kd5 37. f3 c5 38. h4 g5
0-1

[Event "2016 Standard Chess Dropout Tournament, Round 3"]
[Site "SchemingMind.com"]
[Date "2016.08.08"]
[Round "3"]
[White "D O Vaughan"]
[Black "NYNH"]
[Result "1/2-1/2"]
[WhiteCountry "WLS"]
[BlackCountry "USA"]
[WhiteElo "2143"]
[WhiteRD "125"]
[BlackElo "2012"]
[BlackRD "92"]
[GameID "402202"]

1. e4 c5 2. Nf3 d6 3. d4 cxd4 4. Nxd4 Nf6 5. Nc3 g6 6. f4 Bg7 7. e5 Nh5 8. Bb5+ Bd7 9. e6 fxe6 10. Nxe6 Bxc3+
11. bxc3 Qc8 12. Bxd7+ Nxd7 13. O-O Nc5 14. Ng5 Nf6 15. Be3 O-O 16. Bd4 Qf5 17. Qe2 Rae8 18. Qc4+=
1/2-1/2

[Event "2016 Standard Chess Dropout Tournament, Round 3"]
[Site "SchemingMind.com"]
[Date "2016.08.04"]
[Round "3"]
[White "Diadoco"]
[Black "Stephen Woodhouse"]
[Result "1-0"]
[WhiteCountry "MEX"]
[BlackCountry "ENG"]
[WhiteElo "1984"]
[WhiteRD "89"]
[BlackElo "1860"]
[BlackRD "54"]
[GameID "402203"]

1. e4 e6 2. d4 d5 3. Nc3 Nf6 4. e5 Nfd7 5. f4 c5 6. Nf3 Nc6 7. Be3 cxd4 8. Nxd4 Bc5 9. Qd2 Nxd4 10. Bxd4 Bxd4
11. Qxd4 Qb6 12. Nb5 Qxd4 13. Nxd4 Ke7 14. h4 h5 15. Rh3 Nb6 16. a4 Bd7 17. a5 Na4 18. b3 Nc5 19. Bd3 Rac8 20. Re3 Nxd3+
21. Rxd3 Rc5 22. Kd2 Rhc8 23. Rg3 g6 24. b4 Rc4 25. c3 R8c7 26. Rc1 Be8 27. Rf3 f6 28. g3 Bf7 29. Nb5 R7c6 30. Nxa7 Ra6
31. Nb5 b6 32. Nd6 Rc7 33. axb6 Rxb6 34. Ra1 d4 35. b5 dxc3+ 36. Rxc3 Rxc3 37. Kxc3 Be8 38. Nxe8 Kxe8 39. Kc4 fxe5 40. fxe5 Rb7
41. Kc5 Kd7 42. b6
1-0

[Event "2016 Standard Chess Dropout Tournament, Round 3"]
[Site "SchemingMind.com"]
[Date "2016.08.04"]
[Round "3"]
[White "frankly"]
[Black "Orange Lion"]
[Result "1/2-1/2"]
[WhiteCountry "ENG"]
[BlackCountry "NED"]
[WhiteElo "2473"]
[WhiteRD "59"]
[BlackElo "2543"]
[BlackRD "101"]
[GameID "402205"]

1. e4 c5 2. Nf3 Nc6 3. d4 cxd4 4. Nxd4 e5 5. Nb5 d6 6. N1c3 Nf6 7. Bg5 a6 8. Na3 b5 9. Nd5 Be7 10. Bxf6 Bxf6
11. c3 Bg5 12. Nc2 Rb8 13. a4 bxa4 14. Ncb4 Nxb4 15. Nxb4 Bd7 16. Bxa6 Qa5 17. Qxd6 Rb6 18. Qd3 Be7 19. Nd5 Rxb2 20. O-O Qc5
21. Rad1 Bc6 22. Nxe7 Kxe7 23. Qg3 g6 24. Rd5 Bxd5 25. Qxe5+ Kd7 26. Qxh8 Be6 27. Rd1+ Kc6 28. Qa8+=
1/2-1/2

[Event "2016 Standard Chess Dropout Tournament, Round 3"]
[Site "SchemingMind.com"]
[Date "2016.08.09"]
[Round "3"]
[White "gabeeg"]
[Black "David Perna-Fraser"]
[Result "1/2-1/2"]
[WhiteCountry "USA"]
[BlackCountry "CAN"]
[WhiteElo "2294"]
[WhiteRD "110"]
[BlackElo "2361"]
[BlackRD "76"]
[GameID "402206"]

1. d4 Nf6 2. Nf3 e6 3. c4 Bb4+ 4. Nbd2 b6 5. a3 Bxd2+ 6. Qxd2 Bb7 7. e3 O-O 8. Be2 d6 9. O-O Nbd7 10. b4 e5
11. Bb2 Qe7 12. Rfd1 a5 13. Qc2 Be4 14. Qc3 Rfe8 15. dxe5 dxe5 16. Nd2 Bb7 17. f3 h5 18. Bd3 Qe6 19. e4 h4 20. Nf1 h3
21. g3 Nb8 22. Ne3 Nc6 23. Nc2 axb4 24. axb4 Rxa1 25. Bxa1 Rd8 26. b5 Nd4 27. Nxd4 Rxd4 28. Qb3 Rd6 29. Be2 Nd7 30. Rxd6 cxd6
31. Qd1 Nc5 32. Bc3 f5 33. exf5 Qxf5 34. Qxd6 Bxf3 35. Bxf3 Qxf3 36. Qd5+ Qxd5 37. cxd5 Nd7 38. Kf2 Nf6 39. Kf3 e4+ 40. Ke2 Nxd5
41. Bd4 g6 42. g4 Kf7 43. Kf2 Ke6 44. Kg3 Nc7=
1/2-1/2

[Event "2016 Standard Chess Dropout Tournament, Round 3"]
[Site "SchemingMind.com"]
[Date "2016.08.04"]
[Round "3"]
[White "GBEDARD"]
[Black "michel"]
[Result "0-1"]
[WhiteCountry "USA"]
[BlackCountry "CAN"]
[WhiteElo "2099"]
[WhiteRD "85"]
[BlackElo "2437"]
[BlackRD "78"]
[GameID "402207"]

1. e4 d5 2. exd5 Qxd5 3. Nc3 Qa5 4. d4 Nf6 5. Nf3 c6 6. Bf4 Bf5 7. Bc4 e6 8. Nh4 Bg4 9. Qd2 Bb4 10. f3 Bh5
11. O-O Nbd7 12. g4 Bg6 13. Nxg6 hxg6 14. a3 Bxc3 15. Qxc3 Qxc3 16. bxc3 Nd5 17. Bd2 O-O-O 18. Bb3 f6 19. c4 Nc7 20. Be3 Rh3
21. Kg2 Rdh8 22. Rh1 c5 23. d5 e5 24. Bf2 Ne8 25. a4 Nd6 26. Rae1 f5 27. Be3 e4 28. fxe4 Nxe4 29. a5 R3h4 30. gxf5 Rg4+
31. Kf3 Ne5+ 32. Ke2 gxf5 33. Kd1 Nf3 34. Ref1 Rh3 35. d6 f4 36. Bf2 Nfd2 37. a6 Nxf1 38. axb7+ Kxb7 39. Rxf1 Rxh2 40. Be1 Nxd6
41. Kc1 Rhg2 42. Rf3 Rg1 43. Kd1 Ne4 44. Rd3 Nf2+ 45. Ke2 Nxd3 46. cxd3 g5 47. Bf2 R4g2 48. Kf3 g4+ 49. Kxf4 Rxf2+
0-1

[Event "2016 Standard Chess Dropout Tournament, Round 3"]
[Site "SchemingMind.com"]
[Date "2016.08.08"]
[Round "3"]
[White "Helga1946"]
[Black "Sahajaxx"]
[Result "0-1"]
[WhiteCountry "GER"]
[BlackCountry "ENG"]
[WhiteElo "2264"]
[WhiteRD "78"]
[BlackElo "2287"]
[BlackRD "99"]
[GameID "402208"]

1. e4 c5 2. Nf3 d6 3. Nc3 Nf6 4. d4 cxd4 5. Qxd4 Nc6 6. Qa4 Bd7 7. Bg5 e6 8. Be2 Be7 9. Rd1 a6 10. O-O b5
11. Qb3 O-O 12. Bxf6 Bxf6 13. Rxd6 Be7 14. e5 Bxd6 15. exd6 f5 16. a4 bxa4 17. Qxa4 Ne5 18. Qa3 Nxf3+ 19. Bxf3 Rb8 20. Rd1 Qh4
21. b3 Qb4 22. Qxb4 Rxb4 23. Rd2 e5 24. Be2 Rd4 25. Bc4+ Kh8 26. Rxd4 exd4 27. Ne2 Rf6 28. Nxd4 Rxd6 29. c3 g6 30. b4 Kg7
31. f4 Kf6 32. Kf2 Rb6 33. g3 Bb5 34. Bxb5 axb5 35. h3 Ke7 36. Ke3 Kd6 37. Ke2 h5 38. Ke3 Rb8 39. h4 Kc7 40. Kd3 Kb6
41. Nf3 Rd8+ 42. Kc2 Ra8 43. Kb2 Kb7 44. Ne5 Ra7 45. Nf3 Kc6 46. Nd4+ Kd5 47. Nxb5 Re7 48. Na3 Re3 49. c4+ Kc6 50. Nc2 Rxg3
51. Nd4+ Kd6 52. Nb5+ Kd7 53. Nc3 Rh3 54. b5 Rxh4 55. Nd5 Rh2+ 56. Kc3 Re2 57. c5 h4 58. Kd3 Re6 59. c6+ Kd6
0-1

[Event "2016 Standard Chess Dropout Tournament, Round 3"]
[Site "SchemingMind.com"]
[Date "2016.08.05"]
[Round "3"]
[White "John Hamer"]
[Black "Jari Laine"]
[Result "0-1"]
[WhiteCountry "ENG"]
[BlackCountry "FIN"]
[WhiteElo "2024"]
[WhiteRD "82"]
[BlackElo "2255"]
[BlackRD "101"]
[GameID "402209"]

1. d4 Nf6 2. Nf3 g6 3. c4 Bg7 4. Nc3 d5 5. Qb3 dxc4 6. Qxc4 O-O 7. e3 a6 8. Be2 b5 9. Qd3 Bb7 10. O-O c5
11. dxc5 Qxd3 12. Bxd3 Nfd7 13. Bc2 Nxc5 14. Bd2 Nc6 15. Rfe1= Rad8 16. Ne4 Ne5 17. Bc3 Nxf3+ 18. gxf3 Bxc3 19. bxc3 Bxe4 20. Bxe4 Nxe4
21. fxe4= Rd3 22. Rec1 Rc8 23. a4 Rdxc3 24. Rxc3 Rxc3 25. axb5 axb5 26. Ra7 e6 27. Kg2 Rb3 28. Rb7 b4 29. Kf3 Rb2 30. Kg3 b3
31. Rb8+ Kg7 32. e5 Rb1
0-1

[Event "2016 Standard Chess Dropout Tournament, Round 3"]
[Site "SchemingMind.com"]
[Date "2016.08.06"]
[Round "3"]
[White "Jari Laine"]
[Black "simon_w"]
[Result "1-0"]
[WhiteCountry "FIN"]
[BlackCountry "IRL"]
[WhiteElo "2290"]
[WhiteRD "94"]
[BlackElo "1797"]
[BlackRD "118"]
[GameID "402210"]

1. e4 e5 2. Nf3 Nc6 3. Bc4 Nf6 4. d3 Bc5 5. c3 d6 6. Bb3 a6 7. Nbd2 O-O 8. h3 Nh5 9. Nc4 Be6 10. Bg5 Qd7
11. g4 Nf4 12. d4 Bxc4 13. Bxc4
1-0

[Event "2016 Standard Chess Dropout Tournament, Round 3"]
[Site "SchemingMind.com"]
[Date "2016.08.09"]
[Round "3"]
[White "Sebastian Strauchler"]
[Black "gabeeg"]
[Result "1/2-1/2"]
[WhiteCountry "ARG"]
[BlackCountry "USA"]
[WhiteElo "2302"]
[WhiteRD "114"]
[BlackElo "2279"]
[BlackRD "111"]
[GameID "402211"]

1. e4 c5 2. Nf3 Nc6 3. d4 cxd4 4. Nxd4 Nf6 5. Nc3 e5 6. Ndb5 d6 7. Bg5 a6 8. Na3 b5 9. Bxf6 gxf6 10. Nd5 f5
11. Bd3 Be6 12. O-O Bxd5 13. exd5 Ne7 14. c3 Bg7 15. Qh5 e4 16. Bc2 Qc8 17. Rae1 O-O 18. Bb3 a5 19. Nxb5 a4 20. Bd1 Qc5
21. Be2 Nxd5 22. Qg5 h6 23. Qg3 Rfd8 24. Rd1 a3 25. c4 f4 26. Qh4 Nf6 27. b3 Qe5 28. Nd4 Rdc8 29. Bg4 Rc5 30. Rfe1 d5
31. Be2 Rb8 32. g3 f3 33. Bxf3 Rd8 34. Kf1 Qg5 35. Qxg5 hxg5 36. Be2 dxc4 37. Bxc4 Ng4 38. Rxe4 Ne5 39. Be2 Rcd5 40. Ke1 f5
41. Nxf5 Rxd1+ 42. Bxd1 Nd3+ 43. Kf1 Nc5 44. Re1 Bc3 45. Be2 Bxe1 46. Kxe1 Ne4 47. b4 Nc3 48. Bc4+ Kf8 49. Bb3 Rb8 50. Nd4 Rxb4
51. Nc2=
1/2-1/2

[Event "2016 Standard Chess Dropout Tournament, Round 3"]
[Site "SchemingMind.com"]
[Date "2016.08.06"]
[Round "3"]
[White "lawyertheologian"]
[Black "Mike Winslow"]
[Result "1-0"]
[WhiteCountry "USA"]
[BlackCountry "USA"]
[WhiteElo "1988"]
[WhiteRD "98"]
[BlackElo "1926"]
[BlackRD "90"]
[GameID "402212"]

1. e4 c6 2. d4 d5 3. exd5 cxd5 4. c4 Nf6 5. Nc3 e6 6. Bg5 Nc6 7. c5 Be7 8. Nf3 O-O 9. Rc1 Ne4 10. Bxe7 Qxe7
11. Be2 b6 12. cxb6 axb6 13. Nxe4 dxe4 14. Rxc6 exf3 15. Bxf3 Rxa2 16. O-O Qb4 17. d5 Rxb2 18. d6 Bd7 19. Rc7 Bb5 20. d7 Rd2
21. Qxd2 Qxd2 22. Rd1 Qg5 23. Bc6 Bxc6 24. Rxc6 b5 25. Rc8 Rd8 26. Ra1 Kf8 27. h4 Qxh4 28. Raa8 Ke7 29. Rxd8 b4 30. Rf8 Kxd7
31. Rxf7+ Kd6 32. Rxg7 Qe4 33. Rd8+ Ke5 34. Rf7 Qe1+ 35. Kh2 h6 36. Rf3 Qc1 37. Re3+ Kf6 38. Rh8 Qc7+ 39. g3 Qg7= 40. Rf3+ Ke7
41. Rb8 Qg4 42. Rf4 Qh5+ 43. Kg2 Qd5+ 44. f3 b3 45. Rfb4 Qd2+ 46. Kh3 Qf2 47. Rxb3 Qf1+ 48. Kg4 Qh1 49. Rh8 Kf6 50. Rb7 Kg6
51. Rg8+ Kf6 52. Rh7 e5 53. Rgh8 Qc1 54. Rxh6+ Kg7 55. Kf5 Qc2+ 56. Kg5 Qc1+ 57. f4 exf4 58. R6h7#
1-0

[Event "2016 Standard Chess Dropout Tournament, Round 3"]
[Site "SchemingMind.com"]
[Date "2016.08.04"]
[Round "3"]
[White "William Lindberg"]
[Black "frankly"]
[Result "1/2-1/2"]
[WhiteCountry "USA"]
[BlackCountry "ENG"]
[WhiteElo "2451"]
[WhiteRD "74"]
[BlackElo "2473"]
[BlackRD "59"]
[GameID "402213"]

1. e4 c5 2. Nf3 Nc6 3. Nc3 g6 4. Bc4 Bg7 5. O-O d6 6. d3 Nf6 7. Bg5 O-O 8. h3 a6 9. a4 h6 10. Be3 Qc7
11. Nd5 Nxd5 12. exd5 Na5 13. Ba2 b5 14. c3 Bf5 15. Qd2 Kh7 16. b4 Nb7 17. axb5 axb5 18. Rac1 Rfc8 19. Rfd1 Qd7 20. Bb1 Nd8
21. bxc5 dxc5 22. Nh4 Qxd5 23. Nxf5 gxf5 24. Qe2 Kg8 25. Qh5 b4 26. d4 cxd4 27. cxb4 Rxc1 28. Bxc1 Nc6 29. Bxh6 Bxh6 30. Qxh6 e6
31. Rd3 Ne5 32. Rg3+ Ng6 33. h4 Ra1 34. Kh2 Qd8 35. Bd3 Qf6 36. b5 Ra2 37. b6 Rxf2 38. Kg1 Rb2 39. Qc1 Rxb6 40. h5 Rb8
41. hxg6 fxg6 42. Qc2 Qe5 43. Rh3 g5 44. Qc1 g4=
1/2-1/2

[Event "2016 Standard Chess Dropout Tournament, Round 3"]
[Site "SchemingMind.com"]
[Date "2016.08.05"]
[Round "3"]
[White "Clive Everill"]
[Black "Apatchenlama"]
[Result "0-1"]
[WhiteCountry "CZE"]
[BlackCountry "GER"]
[WhiteElo "1716"]
[WhiteRD "55"]
[BlackElo "2008"]
[BlackRD "90"]
[GameID "402214"]

1. e4 e6 2. d4 d5 3. Nd2 c5 4. exd5 Qxd5 5. Ngf3 cxd4 6. Bc4 Qd7 7. O-O Nc6 8. Nb3 Nf6 9. Qe2 a6 10. a4 Qc7
11. Nbxd4 Nxd4 12. Nxd4 Bd6 13. h3 O-O 14. Bg5 Ne4 15. Bh4 Nd2 16. Qxd2 Qxc4 17. Bg5 f6 18. Be3 Rd8 19. Qe2 Qc7 20. c3 e5
21. Nf3 Be6 22. Rfd1 Bc4 23. Qc2 Qf7 24. Re1 Bb3 25. Bb6 Be6 26. Be3 Bb3 27. Qc1 Bc7 28. Nd2 Be6 29. Ne4 Qg6 30. Ng3 Bb3
31. Ra3 Bc2 32. a5 Rd6 33. Bc5 Rd5 34. Qe3 f5 35. Bb6 Bd6 36. Raa1 Bb3 37. Qc1 Re8 38. Ne2 Rd3 39. f3 Rxf3 40. Kh1 Rxh3+
41. gxh3 Bd5+
0-1

[Event "2016 Standard Chess Dropout Tournament, Round 3"]
[Site "SchemingMind.com"]
[Date "2016.08.09"]
[Round "3"]
[White "Mekk"]
[Black "Helga1946"]
[Result "0-1"]
[WhiteCountry "POL"]
[BlackCountry "GER"]
[WhiteElo "1782"]
[WhiteRD "111"]
[BlackElo "2264"]
[BlackRD "78"]
[GameID "402215"]

1. c4 Nf6 2. g3 Nc6 3. Bg2 e6 4. Nf3 d5 5. O-O Be7 6. d3 O-O 7. Bg5 d4 8. Na3 e5 9. Nc2 Re8 10. e3 h6
11. Bxf6 Bxf6 12. Qd2 Qd6 13. exd4 exd4 14. Rfe1 Bf5 15. a3 a5 16. b4 Rxe1+ 17. Rxe1 axb4 18. axb4 Ra2 19. b5 Na5 20. Re2 Nxc4
21. dxc4 d3 22. Re8+ Kh7
0-1

[Event "2016 Standard Chess Dropout Tournament, Round 3"]
[Site "SchemingMind.com"]
[Date "2016.08.05"]
[Round "3"]
[White "michel"]
[Black "Clive Everill"]
[Result "1-0"]
[WhiteCountry "CAN"]
[BlackCountry "CZE"]
[WhiteElo "2427"]
[WhiteRD "76"]
[BlackElo "1716"]
[BlackRD "55"]
[GameID "402216"]

1. d4 d5 2. Nf3 Nc6 3. Bf4 Bg4 4. e3 e6 5. c4 Nf6 6. Nc3 a6 7. h3 Bh5 8. a3 Be7 9. Rc1 O-O 10. g4 Bg6
11. Nh4 Na5 12. Nxg6 fxg6 13. Qa4 c6 14. c5 b5 15. cxb6 Qxb6 16. b4 Nb7 17. Qc2 Bd6 18. Na4 Qc7 19. Qxc6 Qxc6 20. Rxc6 Bxf4
21. exf4 Rfe8 22. Rxa6 Rxa6 23. Bxa6 Nd6 24. Nc5 Nfe4 25. f3 Nc3 26. a4 Rf8 27. Kd2 Na2 28. Nd3 Nc4+ 29. Bxc4 dxc4 30. Ra1 cxd3
31. Rxa2 Rxf4 32. Ke3 e5 33. a5 Rxd4 34. a6 Rd8 35. a7 Ra8 36. b5
1-0

[Event "2016 Standard Chess Dropout Tournament, Round 3"]
[Site "SchemingMind.com"]
[Date "2016.08.04"]
[Round "3"]
[White "NYNH"]
[Black "pmdpsp"]
[Result "1-0"]
[WhiteCountry "USA"]
[BlackCountry "GER"]
[WhiteElo "2043"]
[WhiteRD "92"]
[BlackElo "1865"]
[BlackRD "89"]
[GameID "402217"]

1. d4 g6 2. c4 c5 3. d5 d6 4. Nc3 Bg7 5. e4 e6 6. Nf3 Nf6 7. h3 O-O 8. Bd3 Re8 9. O-O a6 10. a4 a5
11. Re1 Na6 12. Bf4 Nh5 13. Bg5 Bf6 14. Be3 Nb4 15. Bb1 Bd7 16. Qd2 Re7 17. Nb5 Bxb5 18. axb5 b6 19. Rd1 Ng7 20. Qe2 a4
21. Ra3 Rd7 22. Bc1 Qe7 23. Re3 e5 24. Ra3 Nh5 25. Bd2 Nf4 26. Qe1 Bg5 27. Bxb4 cxb4 28. Qxb4 Rda7 29. Bc2 Bf6 30. Bxa4 Ne2+
31. Kf1 Nd4 32. Nxd4 exd4 33. Bc2 Rxa3 34. bxa3 Be5 35. g3 g5 36. Kg2 Kg7 37. Rf1 Qc7 38. f4 Bf6 39. Re1 gxf4 40. gxf4 Bh4
41. Re2 f6 42. Kh2 h5 43. Rd2 Qc5 44. Qxc5 dxc5 45. a4 Rf8 46. Rd3 Be1 47. Rd1 Bc3 48. Rg1+ Kf7 49. Bd1 h4 50. Rg4 Be1
51. e5 Bg3+ 52. Rxg3 hxg3+ 53. Kxg3 fxe5 54. fxe5 Rg8+ 55. Bg4 Ra8 56. d6 Rxa4 57. e6+ Ke8 58. e7 Ra8 59. Bh5+ Kd7 60. e8=Q+ Rxe8
61. Bxe8+ Kxe8 62. h4
1-0

[Event "2016 Standard Chess Dropout Tournament, Round 3"]
[Site "SchemingMind.com"]
[Date "2016.08.06"]
[Round "3"]
[White "Orange Lion"]
[Black "Selwyn"]
[Result "1/2-1/2"]
[WhiteCountry "NED"]
[BlackCountry "AUS"]
[WhiteElo "2547"]
[WhiteRD "103"]
[BlackElo "2601"]
[BlackRD "113"]
[GameID "402218"]

1. c4 Nf6 2. d4 e6 3. Nc3 Bb4 4. e3 b6 5. Ne2 c5 6. a3 Ba5 7. Rb1 Qe7 8. Bd2 O-O 9. d5 Bxc3 10. Nxc3 d6
11. f3 Bb7 12. Bc1 exd5 13. cxd5 Nh5 14. Qc2 Nd7 15. Bb5 a6 16. Bxd7 Qxd7 17. g4 Nf6 18. e4 Qc7 19. Bf4 Nd7 20. Ne2 Rfe8
21. Kf2 b5 22. h4 Ne5 23. Bxe5 Rxe5 24. Ng3 a5 25. Qd2 a4 26. Rbe1 Bc8 27. g5 Qd8 28. f4 Re8 29. f5 Qe7 30. f6 Qe5
31. fxg7 b4 32. Nh5 Re7 33. axb4 Rb8 34. Qc3 Rxb4 35. Re2=
1/2-1/2

[Event "2016 Standard Chess Dropout Tournament, Round 3"]
[Site "SchemingMind.com"]
[Date "2016.08.07"]
[Round "3"]
[White "peeuukoo"]
[Black "lawyertheologian"]
[Result "1/2-1/2"]
[WhiteCountry "FIN"]
[BlackCountry "USA"]
[WhiteElo "1859"]
[WhiteRD "108"]
[BlackElo "1988"]
[BlackRD "98"]
[GameID "402220"]

1. d4 f5 2. c4 Nf6 3. Nc3 e6 4. Bg5 Bb4 5. e3 O-O 6. Bd3 d6 7. Ne2 Nbd7 8. O-O Bxc3 9. Nxc3 c6 10. Qc2 Qa5
11. h3 c5 12. Rfe1 Kh8 13. a3 a6 14. b4 Qc7 15. bxc5 dxc5 16. Bf4 Qa5 17. d5 e5 18. Bh2 b5 19. cxb5 axb5 20. Bxb5 Bb7
21. Bc6 Rab8 22. a4 Rfc8 23. Bxb7 Rxb7 24. Nb5 Ra8 25. Bg3 f4 26. exf4 exf4 27. Bxf4 Nxd5 28. Bd2 Qb6 29. Qf5 N7f6 30. Bg5 c4
31. Re6 Qa5 32. Nd6 Rc7 33. Ne4 h6 34. Nxf6 Nxf6 35. Re5 Qb6 36. Be3 Qd6 37. Bxh6 c3 38. Bf4 Qc6 39. Re6 Qc5 40. Rxf6 gxf6
41. Qxf6+ Kh7 42. Bxc7 Qxc7 43. Rc1 Rd8 44. Qh4+ Kg6 45. Qg3+ Qxg3 46. fxg3 Rc8 47. a5 Kf5 48. Kf2 Ke4 49. Ke2 Kd4 50. a6 Kc4
51. a7 Ra8 52. Ra1 c2 53. g4 Kb3 54. g5 Kb2 55. Rg1 Rxa7 56. Kd2 Ra5 57. h4 Ra4 58. h5 Rg4 59. g6 Rg5 60. Ke3 Rxh5=
61. Kf4 Rd5 62. g4 Rd1 63. Rg2 Kb3 64. Rxc2 Kxc2 65. Kf5 Rd8 66. g7 Kd3 67. Kf6 Ke4 68. g5=
1/2-1/2

[Event "2016 Standard Chess Dropout Tournament, Round 3"]
[Site "SchemingMind.com"]
[Date "2016.08.07"]
[Round "3"]
[White "pmdpsp"]
[Black "2curious"]
[Result "0-1"]
[WhiteCountry "GER"]
[BlackCountry "USA"]
[WhiteElo "1854"]
[WhiteRD "88"]
[BlackElo "2155"]
[BlackRD "124"]
[GameID "402223"]

1. c4 e5 2. Nc3 Nf6 3. d4 exd4 4. Qxd4 Nc6 5. Qd1 Bb4 6. Qc2 d5 7. cxd5 Nxd5 8. Bd2 O-O 9. e3 Nxc3 10. Bxc3 Qd5
11. Nf3 Bf5 12. Qa4 a5 13. Rd1 Qe4 14. Bxb4 Nxb4 15. b3 Rfd8 16. Nd2 Nc2+ 17. Ke2 Bg4+ 18. f3 Qxe3#
0-1

[Event "2016 Standard Chess Dropout Tournament, Round 3"]
[Site "SchemingMind.com"]
[Date "2016.08.09"]
[Round "3"]
[White "Queen "]
[Black "Buckaroo Bob"]
[Result "1-0"]
[WhiteCountry "IND"]
[BlackCountry "USA"]
[WhiteElo "2452"]
[WhiteRD "97"]
[BlackElo "2286"]
[BlackRD "101"]
[GameID "402224"]

1. d4 Nf6 2. c4 e6 3. Nc3 Bb4 4. e3 O-O 5. Bd3 c5 6. Nf3 d5 7. O-O Nc6 8. cxd5 exd5 9. dxc5 Bxc5 10. h3 Qe7
11. b3 Rd8 12. Bb2 Ne4 13. Ne2 Nb4 14. Bb1 Bf5 15. Nfd4 Bd7 16. Nf4 Bd6 17. a3 Bxf4 18. exf4 Na6 19. Nf3 Nac5 20. Re1 Bc6
21. b4 Na4 22. Bd4 a5 23. Qb3 axb4 24. axb4 Bb5 25. Bc2 Qd6 26. Ng5 Nxg5 27. Qg3 h6 28. Be5 Nxh3+ 29. Qxh3 Qb6 30. Ra3 Bd7
31. Qg3 f6 32. Qg6 fxe5 33. Qh7+ Kf7 34. fxe5
1-0

[Event "2016 Standard Chess Dropout Tournament, Round 3"]
[Site "SchemingMind.com"]
[Date "2016.08.07"]
[Round "3"]
[White "Reun29"]
[Black "Andrea Carra"]
[Result "1/2-1/2"]
[WhiteCountry "SUI"]
[BlackCountry "ITA"]
[WhiteElo "1975"]
[WhiteRD "91"]
[BlackElo "1877"]
[BlackRD "98"]
[GameID "402225"]

1. e4 e6 2. d4 d5 3. Nc3 Nf6 4. Bg5 Be7 5. e5 Nfd7 6. Bxe7 Qxe7 7. f4 O-O 8. Nf3 c5 9. Qd2 Nc6 10. dxc5 Qxc5
11. O-O-O Nb6 12. Kb1 Nc4 13. Bxc4 Qxc4 14. Nd4 Nxd4 15. Qxd4 Qxd4 16. Rxd4 Bd7 17. Rd2 Rfc8 18. Ne2 Rc5 19. Nd4 Rac8 20. Rhd1 a5
21. Nb3 Rb5 22. c3 a4 23. Nd4 Rbc5 24. Nc2 f6 25. exf6 gxf6 26. g4 Kf7 27. h4 Rg8 28. g5 h6 29. Rg1 e5 30. fxe5 fxe5
31. Rf2+ Ke7 32. Rf6 hxg5 33. Rxg5 Rxg5 34. hxg5 Rc6 35. Rxc6 bxc6 36. Ne1 e4 37. Kc2 Kf7 38. b3 axb3+ 39. axb3 Kg6 40. b4 Kxg5
41. Kd2 Kf4 42. Ng2+ Kf3 43. Ne3 Bc8 44. b5 cxb5 45. Nxd5 Be6 46. Ne3 Bc4 47. Nc2 Bd3=
1/2-1/2